Economics of developement and planning. (Record no. 1185)

MARC details
000 -LEADER
fixed length control field 00557cam a2200217ua 4500
001 - CONTROL NUMBER
control field 1284
005 - DATE AND TIME OF LATEST TRANSACTION
control field 20260515113317.0
008 - FIXED-LENGTH DATA ELEMENTS--GENERAL INFORMATION
fixed length control field 110629n ii |||gr||||Z||||||eng
020 ## - INTERNATIONAL STANDARD BOOK NUMBER
International Standard Book Number 81-88646-10-5
040 ## - CATALOGING SOURCE
Transcribing agency MAIN
082 ## - DEWEY DECIMAL CLASSIFICATION NUMBER
Classification number 338.9
100 ## - MAIN ENTRY--PERSONAL NAME
Personal name Taneja, M L.,
245 1# - TITLE STATEMENT
Title Economics of developement and planning.
Statement of responsibility, etc. By M L Taneja.
250 ## - EDITION STATEMENT
Edition statement 11th.
260 ## - PUBLICATION, DISTRIBUTION, ETC.
Place of publication, distribution, etc. Delhi.:
Name of publisher, distributor, etc. Vishal publishing.,
Date of publication, distribution, etc. 2008.
300 ## - PHYSICAL DESCRIPTION
Extent 870 p.:
Dimensions 25 cm.
653 ## - INDEX TERM--UNCONTROLLED
Uncontrolled term Economics.
653 ## - INDEX TERM--UNCONTROLLED
Uncontrolled term Economic developement and planning.
700 ## - ADDED ENTRY--PERSONAL NAME
Personal name Myer, R M.,
942 ## - ADDED ENTRY ELEMENTS (KOHA)
Koha item type Books
Holdings
Withdrawn status Lost status Damaged status Not for loan Home library Current library Shelving location Date acquired Total checkouts Full call number Barcode Date last seen Copy number Price effective from Koha item type Date last checked out
        Naharkatiya College Library Naharkatiya College Library General stacks 09/19/2020   338.9 | TAN 17746 05/30/2022 1 09/19/2020 Books  
        Naharkatiya College Library Naharkatiya College Library General stacks 09/19/2020 12 338.9 | TAN 17747 06/26/2023 2 09/19/2020 Books 06/23/2023